000 00308nam a22001337a 4500
008 170302b xxu||||| |||| 00| 0 eng d
020 _a9780716728016
041 _aeng
080 _26TH
_a575
100 _a6
101 _aSHM
245 _aAN INTRODUCTION TO GENETIC ANALYSIS
_cLAVETT, D.K
942 _2udc
_cBK
999 _c6576
_d6576